BLACK CREEK CROSSING/ (Record no. 9986)
[ view plain ]
| 000 -LEADER | |
|---|---|
| fixed length control field | 00573nam a22001817a 4500 |
| 003 - CONTROL NUMBER IDENTIFIER | |
| control field | OSt |
| 005 - DATE AND TIME OF LATEST TRANSACTION | |
| control field | 20260317080357.0 |
| 008 - FIXED-LENGTH DATA ELEMENTS--GENERAL INFORMATION | |
| fixed length control field | 260317b |||||||| |||| 00| 0 eng d |
| 010 ## - LIBRARY OF CONGRESS CONTROL NUMBER | |
| LC control number | 2003054942 |
| 020 ## - INTERNATIONAL STANDARD BOOK NUMBER | |
| International Standard Book Number | 0345433327 |
| 040 ## - CATALOGING SOURCE | |
| Transcribing agency | BALLANTINE BOOKS |
| 050 ## - LIBRARY OF CONGRESS CALL NUMBER | |
| Classification number | PS 3569 .A77 .B58 2004 |
| Item number | .B58 2004 |
| 245 ## - TITLE STATEMENT | |
| Title | BLACK CREEK CROSSING/ |
| Statement of responsibility, etc. | SAUL , JOHN |
| 250 ## - EDITION STATEMENT | |
| Edition statement | 1ST EDITION |
| 260 ## - PUBLICATION, DISTRIBUTION, ETC. | |
| Place of publication, distribution, etc. | NEWYORK: |
| Name of publisher, distributor, etc. | RANDOM HOUSE PUBLISHING GROUP, |
| Date of publication, distribution, etc. | 2004 |
| 300 ## - PHYSICAL DESCRIPTION | |
| Extent | 358pages, |
| Other physical details | hardcover, includes bibliographic referencesand index |
| Dimensions | 21.7cm |
| Type of unit | FICTION |
| 942 ## - ADDED ENTRY ELEMENTS (KOHA) | |
| Source of classification or shelving scheme | Library of Congress Classification |
| Koha item type | Books |
| Edition | 1st ed. |
| Item part | fiction |
| Suppress in OPAC | No |
| Withdrawn status | Lost status | Source of classification or shelving scheme | Damaged status | Not for loan | Home library | Current library | Date acquired | Total checkouts | Full call number | Barcode | Date last seen | Price effective from | Koha item type |
|---|---|---|---|---|---|---|---|---|---|---|---|---|---|
| Library of Congress Classification | PIU Library | Main Library | 03/17/2026 | PS 3569 .A77 .B58 2004 | PIUDLMUR978 | 03/17/2026 | 03/17/2026 | Books |